Die teuersten Fußballtransfers - Spanische Fußballspieler - Statistiken

Allgemein
  • Dieses Quiz wurde 64 mal gespielt
  • Das Durchschnittsergebnis liegt bei 6 aus 10
Antwortstatistiken
Ablöse (M €) Saison Abgebender Verein Aufnehmender Verein Spieler % Korrekt
80,00 2018-2019 Athletic Bilbao FC Chelsea Kepa Arrizabalaga
95%
58,50 2010-2011 FC Liverpool FC Chelsea Fernando Torres
86%
55,00 2021-2022 Manchester City FC Barcelona Ferran Torres
84%
70,00 2019-2020 Atlético Madrid Manchester City Rodri
84%
65,30 2022-2023 Brighton FC Chelsea Marc Cucurella
66%
66,00 2017-2018 Real Madrid FC Chelsea Álvaro Morata
59%
44,73 2013-2014 FC Chelsea Manchester United Juan Mata
57%
65,00 2017-2018 Athletic Bilbao Manchester City Aymeric Laporte
52%
60,00 2017-2018 FC Chelsea Atlético Madrid Diego Costa
50%
48,00 2001-2002 FC Valencia Lazio Rom Gaizka Mendieta
12%
Keine übereinstimmenden Quizze gefunden
Verteilung der Resultate
Anzahl Personen mit jedem Resultat
Perzentil nach korrekt beantworteten Fragen
Ihre Resultats-Entwicklung
Sie haben dieses Quiz noch nicht gespielt